书目信息 |
| 题名: |
汽车城
|
|
| 作者: | 黑利 著 ;朱雯 , 李金波 译 | |
| 分册: | ||
| 出版信息: | 上海 上海译文出版社 1979 |
|
| 页数: | 515页 | |
| 开本: | 19cm | |
| 丛书名: | ||
| 单 册: | ||
| 中图分类: | I711.4 | |
| 科图分类: | ||
| 主题词: | 长篇小说--加拿大--现代 | |
| 电子资源: | ||
| ISBN: | ||
| 000 | 00676nam0 2200241 45 | |
| 001 | 0179005699 | |
| 005 | 20060912091110.15 | |
| 010 | @dCNY1.20 | |
| 091 | @a10188.87 | |
| 100 | @a19950724d1979 em y0chiy0121 ea | |
| 101 | 1 | @achi@ceng |
| 102 | @aCN@b310000 | |
| 105 | @ay z 000ay | |
| 200 | 10 | @a汽车城@Aqi che cheng@f(加拿大)阿瑟·黑利著@F(jia na da)a se·hei li zhu@g朱雯,李金波译 |
| 210 | @a上海@c上海译文出版社@d1979 | |
| 215 | @a515页@d19cm | |
| 606 | @a长篇小说@y加拿大@z现代 | |
| 690 | @aI711.4@v4 | |
| 701 | 0 | @a黑利@Ahei li@4著 |
| 702 | 0 | @a朱雯@Azhu wen@4译 |
| 702 | 0 | @a李金波@Ali jin bo@4译 |
| 801 | 0 | @aCN@bTSSF@c20060912 |
| 905 | @a10447@dI711.4@e63 | |
| 汽车城/(加拿大)阿瑟·黑利著/朱雯,李金波译.-上海:上海译文出版社,1979 |
| 515页;19cm |
| ISBN :CNY1.20 |
| ● |
| 相关链接 |
|
|
|
|
正题名:汽车城
索取号:I711.4/63
 
预约/预借
| 序号 | 登录号 | 条形码 | 馆藏地/架位号 | 状态 | 备注 |
| 1 | 0018888 | 202366000 | 密集书库/ [索取号:I711.4/63] | 在馆 | |
| 2 | 0475209 | 204752099 | 密集书库/ [索取号:I711.4/63] | 在馆 |